Statistics for Top 20 World Cities with Eight Letters

Click here to take the quiz!

General Stats

  • This quiz has been taken 117 times
    (89 since last reset)
  • The average score is 12 of 20

Answer Stats

PopulationCountryCity% Correct
14.3 milTurkeyIstanbul
97%
30.9 milChinaShanghai
96%
21.8 milBrazilSão Paulo
92%
4.12 milSouth AfricaCape Town
90%
4.10 milCanadaMontreal
81%
10.6 milDR CongoKinshasa
79%
3.47 milSyriaDamascus
78%
5.55 milSudanKhartoum
75%
3.82 milBrazilBrasilia
75%
7.05 milChileSantiago
68%
3.80 milColombiaMedellín
64%
7.25 milChinaHong Kong
54%
3.27 milUnited StatesSan Diego
49%
3.65 milBrazilSalvador
46%
4.70 milIndonesiaSurabaya
39%
3.27 milBrazilCuritiba
31%
8.30 milChinaHangzhou
28%
7.65 milChinaShenyang
21%
4.45 milChinaChangsha
15%
3.67 milChinaNanchang
4%

Score Distribution

Percentile by Number Answered

Percent of People with Each Score

Your Score History

You have not taken this quiz since the last reset